Paroles - Toi contre moi - Charles Aznavour - Statistiques

Statistiques générales
  • Ce quiz a été pris 2 fois
  • Le résultat moyen est 98 sur 276
Statistiques - réponses
Réponse % Correct
contre
100%
moi
100%
Toi
100%
toi
100%
à
50%
a
50%
amis
50%
amour
50%
Au
50%
au
50%
aux
50%
bras
50%
ça
50%
dans
50%
Dans
50%
De
50%
de
50%
des
50%
deux
50%
dire
50%
donner
50%
du
50%
entier
50%
est
50%
et
50%
Et
50%
faire
50%
fait
50%
garder
50%
il
50%
Il
50%
je
50%
Je
50%
jour
50%
jours
50%
la
50%
le
50%
les
50%
Les
50%
leur
50%
loi
50%
Mais
50%
me
50%
mois
50%
mon
50%
monde
50%
ne
50%
Ne
50%
ni
50%
nos
50%
nous
50%
n'y
50%
on
50%
par
50%
pas
50%
peut
50%
plus
50%
prendre
50%
prix
50%
Quand
50%
quand
50%
que
50%
Que
50%
Quel
50%
quel
50%
quelle
50%
qui
50%
Qui
50%
raison
50%
reste
50%
Sans
50%
sans
50%
se
50%
Se
50%
ses
50%
soi
50%
sont
50%
Tes
50%
tes
50%
ton
50%
tout
50%
tu
50%
Tu
50%
un
50%
vie
50%
Viens
50%
accorder
0%
Affleurant
0%
Aidés
0%
amende
0%
auras
0%
auront
0%
avocat
0%
avons
0%
bat
0%
beau
0%
bête
0%
bonheur
0%
bout
0%
ce
0%
c'est
0%
Cet
0%
c'était
0%
chacun
0%
chaque
0%
ciel
0%
combat
0%
compte
0%
crime
0%
déchire
0%
déchirés
0%
devient
0%
devrais
0%
dimanches
0%
drame
0%
échec
0%
emprunter
0%
enfants
0%
étonnés
0%
eux
0%
Eux
0%
évitons
0%
face
0%
Faisons
0%
faudrait
0%
ferait
0%
fêtes
0%
finir
0%
folies
0%
hier
0%
honorable
0%
issue
0%
jeu
0%
l'amour
0%
l'enfer
0%
l'horreur
0%
lie
0%
l'irréparable
0%
lit
0%
mal
0%
même
0%
merci
0%
merveilles
0%
meurt
0%
mieux
0%
Non
0%
non
0%
notre
0%
orgueil
0%
ôter
0%
parents
0%
passé
0%
perdants
0%
pitié
0%
pitoyable
0%
pleurer
0%
point
0%
pour
0%
Pourquoi
0%
pourquoi
0%
pourtant
0%
problèmes
0%
Qu'ont-ils
0%
qu'un
0%
rapporter
0%
remuerai
0%
répit
0%
retour
0%
retrouver
0%
sauvette
0%
seraient-ils
0%
sort
0%
sorties
0%
souffrir
0%
terre
0%
tort
0%
Tribunal
0%
vaincu
0%
vainqueur
0%
victimes
0%
voudrais
0%
Aucun quiz correspondant
Distribution des résultats
% des personnes avec chaque résultat
Percentile par nombre de réponses
Votre historique - résultats
Vous n’avez pas pris ce quiz